Digital textile design (Record no. 352680)

000 -LEADER
fixed length control field 00800 a2200241 4500
003 - CONTROL NUMBER IDENTIFIER
control field OSt
005 - DATE AND TIME OF LATEST TRANSACTION
control field 20180116192341.0
008 - FIXED-LENGTH DATA ELEMENTS--GENERAL INFORMATION
fixed length control field 120529t xxu||||| |||| 00| 0 eng d
020 ## - INTERNATIONAL STANDARD BOOK NUMBER
International Standard Book Number 9781856695862 (pbk.)
020 ## - INTERNATIONAL STANDARD BOOK NUMBER
International Standard Book Number 1856695867.
040 ## - CATALOGING SOURCE
Transcribing agency 0
082 04 - DEWEY DECIMAL CLASSIFICATION NUMBER
Classification number 746.0285
100 1# - MAIN ENTRY--PERSONAL NAME
Personal name Bowles, Melanie
9 (RLIN) 2342
245 10 - TITLE STATEMENT
Title Digital textile design
Statement of responsibility, etc. Melanie Bowles and Ceri Isaac.
260 ## - PUBLICATION, DISTRIBUTION, ETC.
Place of publication, distribution, etc. London :
Name of publisher, distributor, etc. Laurence King,
Date of publication, distribution, etc. 2009.
300 ## - PHYSICAL DESCRIPTION
Extent 192 p. :
Other physical details ill. (chiefly col.) ;
Dimensions 28 cm.
500 ## - GENERAL NOTE
General note Includes bibliographical references and index.
650 10 - SUBJECT ADDED ENTRY--TOPICAL TERM
Topical term or geographic name entry element Textile design
General subdivision Data processing.
9 (RLIN) 2343
650 10 - SUBJECT ADDED ENTRY--TOPICAL TERM
Topical term or geographic name entry element Textile printing
General subdivision Data processing
9 (RLIN) 2344
710 ## - ADDED ENTRY--CORPORATE NAME
Corporate name or jurisdiction name as entry element Isaac,Ceri
9 (RLIN) 2345
942 ## - ADDED ENTRY ELEMENTS (KOHA)
Institution code [OBSOLETE] SADA
Koha item type Book
Call number prefix 746.0285 BOW 2009
Source of classification or shelving scheme
Holdings
Withdrawn status Lost status Source of classification or shelving scheme Damaged status Not for loan Permanent Location Current Location Date acquired Total Checkouts Full call number Barcode Date last seen Cost, replacement price Price effective from Koha item type
          School of Art Design and Architecture (SADA) School of Art Design and Architecture (SADA) 04/07/2011   746.0285 BOW 2009 SADA0000703 08/05/2011 2339.00 08/05/2011 Book
© 2023 Central Library, National University of Sciences and Technology. All Rights Reserved.